Revisoría fiscal (Registro nro. 158613)
[ vista simple ]
| 000 -LEADER | |
|---|---|
| fixed length control field | 00929ny a22002293n 4500 |
| 008 - FIXED-LENGTH DATA ELEMENTS--GENERAL INFORMATION | |
| fixed length control field | 090129s2007 ck s 000 0 spa d |
| 020 ## - INTERNATIONAL STANDARD BOOK NUMBER | |
| International Standard Book Number | 9586485056 |
| 035 ## - | |
| -- | 2488 |
| 040 ## - CATALOGING SOURCE | |
| Original cataloging agency | UMA.RE |
| Modifying agency | vLex |
| 080 ## - | |
| -- | 336.1/.5(0.034) |
| 080 ## - | |
| -- | 657.6-055(0.034) |
| 090 ## - | |
| -- | 73 |
| -- | 73 |
| 100 1# - MAIN ENTRY--PERSONAL NAME | |
| Personal name | Peña Bermúdez, Jesús María |
| 245 10 - TITLE STATEMENT | |
| Title | Revisoría fiscal |
| Medium | [Recurso electrónico] |
| Statement of responsibility, etc | Jesús María Peña Bermúdez |
| 256 ## - | |
| -- | Servicio en línea |
| 260 ## - PUBLICATION, DISTRIBUTION, ETC. (IMPRINT) | |
| Place of publication, distribution, etc | Bogotá : |
| Name of publisher, distributor, etc | ECOE, |
| Date of publication, distribution, etc | 2007 |
| 506 1# - RESTRICTIONS ON ACCESS NOTE | |
| Terms governing access | Contenido solo disponible en los productos indicados |
| Authorized users | vLex Global |
| -- | vLex Global (Academic Edition, excluding Law Schools) |
| -- | vLex Global (U.S. Academic Edition, Law Schools) |
| -- | vLex Global (U.S. Academic Edition, excluding Law Schools) |
| -- | vLex Global (Academic Edition, Law Schools) |
| 740 0# - | |
| -- | vLex Libros (Servicios en línea) |
| 856 40 - LOCALIZACIÓN Y ACCESO ELECTRÓNICO | |
| Identificador Uniforme del Recurso (URI/URL) | https://app.vlex.com/#/sources/2488 |
| 942 ## - | |
| -- | RAA |
| 999 ## - | |
| -- | 158613 |
| -- | 158613 |
No hay ítems disponibles.